| 000 | 01266nam a22002177a 4500 | ||
|---|---|---|---|
| 003 | NALT | ||
| 005 | 20251125233113.0 | ||
| 008 | th tha d | ||
| 040 | _aNALT | ||
| 041 | _atha | ||
| 090 |
_aKG 192 _bป512พ |
||
| 110 | 2 |
_927673 _aกรมป้องกันและบรรเทาสาธารณภัย |
|
| 245 | 1 | 0 |
_aพระราชบัญญัติป้องกันและบรรเทาสาธารณภัย พ.ศ. 2550 และอนุบัญญัติ / _cกรมป้องกันและบรรเทาสาธารณภัย. |
| 260 |
_aกรุงเทพฯ : _bกรมป้องกันและบรรเทาสาธารณภัย กระทรวงมหาดไทย, _cม.ป.ป.. |
||
| 300 |
_a155 หน้า ; _b _c21 ซม. |
||
| 650 | 4 |
_aภัยพิบัติ _927674 _xการป้องกัน _xกฎหมายและระเบียบข้อบังคับ |
|
| 850 | _aNALT | ||
| 856 | 4 | 0 | _uhttps://hdl.handle.net/20.500.14156/501032 |
| 942 |
_cLB _2local |
||
| 998 |
_bชวนพิชญ์ รัตนาไพบูลย์ _bphon _c101 _j104 _k นางสาวสายฝน ดีงาม |
||
| 999 |
_c70647 _d70647 |
||